00840cam a2200241 i 450000100100000000500170001000800410002702000170006804000300008508200170011510000240013224500790015626000280023530000280026349000180029149000730030950000430038260000410042565000260046665000150049283000180050783000730052500001820520200929165412.0770425s1976 fr af 000 0bfre  a2259001408 : aDO-SdBNPcDLCdDLCdBNPHU a739.4bL933B1 aBlasquez, Adelaide.10aGaston Lucas, serrurier :bchronique de l'anti-heros /cAdelaide Blasquez. aParís :bPlon,c1976. a284 p. :bil. ;c21 cm.1 aTerre humaine1 aCollection d´etudes et de témoignages dirigée par Jean Malaurie aIncluye notas al pie de las páginas.10aLUCAS, GASTÓN,d1907-xBIOGRAFÍA 4aHerrajesxBiografía 4aMetalurgia 0aTerre humaine 0aCollection d´etudes et de témoignages dirigée par Jean Malaurie